Nationalisation of banking monopolies; (Record no. 78441)

MARC details
000 -LEADER
fixed length control field 00660cam a22002411 4500
001 - CONTROL NUMBER
control field sa 68002078
003 - CONTROL NUMBER IDENTIFIER
control field DLC
005 - DATE AND TIME OF LATEST TRANSACTION
control field 20260227112439.0
008 - FIXED-LENGTH DATA ELEMENTS--GENERAL INFORMATION
fixed length control field 710903s1967 ii 00000 eng
010 ## - LIBRARY OF CONGRESS CONTROL NUMBER
LC control number sa 68002078
025 ## - OVERSEAS ACQUISITION NUMBER
Overseas acquisition number PL480:I-E-9104
043 ## - GEOGRAPHIC AREA CODE
Geographic area code a-ii---
050 0# - LIBRARY OF CONGRESS CALL NUMBER
Classification number HG3284
Item number .R6
082 ## - DEWEY DECIMAL CLASSIFICATION NUMBER
Classification number 338.954
100 10 - MAIN ENTRY--PERSONAL NAME
Personal name Roy, Ajit.
245 10 - TITLE STATEMENT
Title Nationalisation of banking monopolies;
Remainder of title an urgent task.
260 0# - PUBLICATION, DISTRIBUTION, ETC.
Place of publication, distribution, etc. [Calcutta,
Name of publisher, distributor, etc. National Publishers,
Date of publication, distribution, etc. 1967]
300 ## - PHYSICAL DESCRIPTION
Extent 20 p.
Dimensions 22 cm.
350 ## - PRICE (NR) (BK AM CF MU VM SE) [OBSOLETE]
Price Re0.75
500 ## - GENERAL NOTE
General note Cover title.
650 #0 - SUBJECT ADDED ENTRY--TOPICAL TERM
Topical term or geographic name entry element Banks and banking
General subdivision Government ownership
Geographic subdivision India.
650 #0 - SUBJECT ADDED ENTRY--TOPICAL TERM
Topical term or geographic name entry element Government ownership
Geographic subdivision India.

No items available.

Powered by Koha